Statistics for Most Populous Islands with Exceptions

Click here to take the quiz!

General Stats

  • This quiz has been taken 97 times
    (38 since last reset)
  • The average score is 32 of 49

Answer Stats

RankCountryPopulationIsland% Correct
2United Kingdom64,163,534Great Britain
97%
1Japan104,000,000Honshū
97%
6Dominican Republic, Haiti21,107,000Hispaniola
94%
12United Kingdom, Ireland6,380,661Ireland
91%
16New Zealand3,749,200North Island
91%
14Italy5,017,000Sicily
91%
13Japan5,383,579Hokkaidō
88%
3Madagascar25,571,000Madagascar
88%
28New Zealand1,135,500South Island
88%
38Canada748,937Vancouver Island
88%
10Cuba11,167,325Cuba
85%
11United States7,838,822Long Island
85%
25Japan1,301,000Okinawa Island
85%
8Japan13,200,000Kyūshū
82%
34Spain862,397Mallorca
82%
22Italy1,659,000Sardinia
82%
5Sri Lanka21,203,000Sri Lanka
82%
40Greece623,065Crete
79%
33Tanzania896,721Unguja / Zanzibar
79%
4Taiwan 23,461,708Taiwan
76%
43Australia507,626Tasmania
76%
19Denmark2,287,740Zealand
76%
18Jamaica2,950,210Jamaica
74%
23United States1,619,090Manhattan Island
74%
44Canada502,273Newfoundland
74%
17U.S. Territory3,474,182Puerto Rico
74%
15Japan3,815,000Shikoku
71%
31United States976,371Oahu
68%
30Cyprus1,088,503Cyprus
65%
41South Korea621,550Jeju
62%
35Spain838,397Gran Canaria
59%
47Russia471,515Sakhalin
59%
32Spain906,854Tenerife
59%
20Canada2,014,221Island of Montreal
56%
46United States474,558Staten Island
56%
42Papua New Guinea513,926New Britain
53%
36France837,868Réunion
53%
29Bahrain1,095,000Bahrain Island
50%
7India15,111,974Salsette
50%
26Trinidad and Tobago1,267,145Trinidad
50%
27Mauritius1,219,265Mauritius
44%
45Venezuela489,917Margarita Island
41%
48Denmark466,284Funen
35%
39Fiji661,997Viti Levu
32%
24Brazil1,381,459São Luís
29%
49Canada429,413Île Jésus
21%
21Bangladesh1,758,000Bhola Island
18%
37Brazil760,000São Vicente
18%
50Netherlands423,000IJsselmonde
15%

Score Distribution

Percentile by Number Answered

Percent of People with Each Score

Your Score History

You have not taken this quiz since the last reset